01489cam a22003494i 4500003000900000005001700009008004100026035001900067040003300086082002100119100003100140245006300171264007800234300003800312336002100350337002500371338002300396504002800419505057300447526001001020526001001030526001001040526001001050526000801060526000801068526000801076526000801084526000801092526000801100526000801108650002301116PE-LiUPU20250731173130.0150623s1976 cau rb 000 0 eng d a(Sirsi) a26278 aPE-LiUPUbspacPE-LiUPUerda04a286.732bM772211 aMoore, Raymond S.,eautor.10aAdventist education at the crossroads /cRaymond S. Moore. 1aMountain View, California :bPacific Press Publishing Association,c1976. a200 páginas ;c21 centímetros atext2rdacontent aunmediated2rdamedia avolume2rdacarrier aIncluye bibliografía.0 aSchools for kings -- What leading educators say -- A matter of accreditation -- Dealing with pressures: our accountability -- Objections and answers -- Some very special rewards -- How to initiate "the plan" -- How to carry the program through -- How big should we get? -- Administering people and money -- Some factors of success in school industries -- The academic part -- The homework problem -- The spiritual and social quotients -- Educating the preschooler -- The elementary school -- The secondary school -- Colleges and universities -- Problems and solutions. aSEG42 aSEG41 aSEG40 aSEG39 aP94 aP87 aP86 aP85 aP77 aP76 aP3504aIASDxEducación.